[Event "Mittelfranken Landesliga Sued 2223"]
[Site "Mittelfranken"]
[Date "2022.10.23"]
[Round "2.1"]
[White "Schleich, Markus"]
[Black "Grimberg, Boris"]
[Result "0-1"]
[WhiteElo "2172"]
[BlackElo "2319"]
[PlyCount "78"]
[EventDate "2022.10.09"]
[EventType "team-tourn"]
[EventRounds "9"]
[EventCountry "GER"]
[SourceTitle "EXT 2024"]
[Source "ChessBase"]
[SourceDate "2023.10.10"]
[SourceVersion "1"]
[SourceVersionDate "2023.10.10"]
[SourceQuality "1"]
[WhiteTeam "Garching II"]
[BlackTeam "Haunstetten"]
[WhiteTeamCountry "GER"]
[BlackTeamCountry "GER"]

1. e4 c6 2. d4 d5 3. e5 Bf5 4. Nf3 e6 5. Nbd2 Nd7 6. Nb3 h6 7. Be2 a6 8. 0-0 Rc8 9. c4 dxc4 10. Bxc4 Ne7 11. Bd2 Nd5 12. Ba5 b6 13. Be1 a5 14. Ba6 Rc7 15. Bd3 Bxd3 16. Qxd3 Be7 17. Bd2 0-0 18. Qe4 a4 19. Nc1 c5 20. Ne2 a3 21. dxc5 axb2 22. Rab1 Nxc5 23. Qg4 f5 24. exf6 Nxf6 25. Qc4 Nfe4 26. Bb4 b5 27. Qxb5 Rb7 28. Qc4 Qd3 29. Qxd3 Nxd3 30. Bxe7 Rxe7 31. Rfd1 Nexf2 32. Rd2 Rb8 33. Nf4 Nxf4 34. Kxf2 Rc7 35. Ne1 Rf8 36. Ke3 Nd5+ 37. Kd4 e5+ 38. Kd3 Rc3+ 39. Ke4 Re3+ 0-1

[Event "Landesliga Sued 1920"]
[Site "Bayern"]
[Date "2019.12.08"]
[Round "4.1"]
[White "Mostbauer, Florian"]
[Black "Grimberg, Boris"]
[Result "1/2-1/2"]
[WhiteElo "2310"]
[BlackElo "2329"]
[PlyCount "41"]
[EventDate "2019.09.29"]
[EventType "team-tourn"]
[EventRounds "9"]
[EventCountry "GER"]
[SourceTitle "EXT 2021"]
[Source "ChessBase"]
[SourceDate "2020.10.23"]
[SourceVersion "1"]
[SourceVersionDate "2020.10.23"]
[SourceQuality "1"]
[WhiteTeam "Passau II"]
[BlackTeam "Haunstetten"]
[WhiteTeamCountry "GER"]
[BlackTeamCountry "GER"]

1. Nf3 Nf6 2. d4 d5 3. c4 c6 4. cxd5 cxd5 5. Nc3 Nc6 6. Bf4 a6 7. e3 Bg4 8. Be2 e6 9. 0-0 Bd6 10. Bxd6 Qxd6 11. Ne1 Bxe2 12. Qxe2 0-0 13. Nd3 Nd7 14. Rab1 e5 15. dxe5 Ndxe5 16. Rfd1 Rad8 17. Nxe5 Qxe5 18. Qf3 d4 19. exd4 Rxd4 20. Rxd4 Qxd4 21. Rd1 1/2-1/2

[Event "Landesliga Sued 1819"]
[Site "Bayern"]
[Date "2018.12.16"]
[Round "4.1"]
[White "Grimberg, Boris"]
[Black "Nuber, Korbinian"]
[Result "1/2-1/2"]
[WhiteElo "2311"]
[BlackElo "2226"]
[PlyCount "88"]
[EventDate "2018.10.21"]
[EventType "team-tourn"]
[EventRounds "9"]
[EventCountry "GER"]
[SourceTitle "EXT 2022"]
[Source "ChessBase"]
[SourceDate "2021.10.06"]
[SourceVersion "1"]
[SourceVersionDate "2021.10.06"]
[SourceQuality "1"]
[WhiteTeam "Haunstetten TSV"]
[BlackTeam "Dillingen"]
[WhiteTeamCountry "GER"]
[BlackTeamCountry "GER"]

1. e4 e6 2. d4 d5 3. Nd2 c5 4. exd5 Qxd5 5. Ngf3 cxd4 6. Bc4 Qd6 7. 0-0 Nf6 8. Nb3 Nc6 9. Nbxd4 Nxd4 10. Nxd4 a6 11. c3 Qc7 12. Qe2 Bd6 13. h3 0-0 14. Bb3 Bd7 15. Bg5 Bh2+ 16. Kh1 Bf4 17. Bxf4 Qxf4 18. Rad1 Rad8 19. Rfe1 Rfe8 20. Rd3 e5 21. Rf3 Qg5 22. Rg3 Qh5 23. Nf3 Bg4 24. Kg1 Bxf3 25. Rxf3 Re7 26. Rd3 Rde8 27. Qe3 Qf5 28. Red1 Qc8 29. Qg5 h6 30. Qh4 Qc7 31. Rd6 Nh7 32. Qg4 Kf8 33. Qf5 Nf6 34. Rxf6 gxf6 35. Rd3 Qc6 36. Bd5 Qb6 37. Bb3 Rd8 38. Qh7 Red7 39. Rg3 Rd1+ 40. Kh2 R1d7 41. Rg7 Ke7 42. Rxf7+ Kd6 43. Rxf6+ Kc7 44. Qxh6 Rd6 1/2-1/2

[Event "Landesliga Sued 1718"]
[Site "Bayern"]
[Date "2017.12.10"]
[Round "4.1"]
[White "Schmidt, Georg"]
[Black "Grimberg, Boris"]
[Result "1-0"]
[WhiteElo "2241"]
[BlackElo "2333"]
[PlyCount "73"]
[EventDate "2017.10.22"]
[EventType "team-tourn"]
[EventRounds "9"]
[EventCountry "GER"]
[SourceTitle "EXT 2022"]
[Source "ChessBase"]
[SourceDate "2021.10.06"]
[SourceVersion "1"]
[SourceVersionDate "2021.10.06"]
[SourceQuality "1"]
[WhiteTeam "Unterhaching"]
[BlackTeam "Haunstetten TSV"]
[WhiteTeamCountry "GER"]
[BlackTeamCountry "GER"]

1. e4 e5 2. Nf3 Nc6 3. Bb5 a6 4. Ba4 Nf6 5. 0-0 Be7 6. Re1 b5 7. Bb3 0-0 8. d3 h6 9. Nbd2 Re8 10. Nf1 Bf8 11. c3 g6 12. Ng3 Bg7 13. a3 d5 14. exd5 Nxd5 15. d4 Bg4 16. h3 Be6 17. Nxe5 Nxe5 18. dxe5 Nb6 19. Bxe6 Rxe6 20. f4 f6 21. Qg4 Qe8 22. f5 h5 23. Qxg6 Qxg6 24. fxg6 h4 25. Nf5 fxe5 26. Nxh4 Rd8 27. Bg5 Rdd6 28. Re2 Nd7 29. Nf5 Nc5 30. Nxd6 cxd6 31. Rd1 Bf8 32. Be3 Nd7 33. a4 bxa4 34. Ra1 a3 35. Rxa3 d5 36. Ra5 Nf6 37. g4 1-0

[Event "Landesliga Sued 1718"]
[Site "Bayern"]
[Date "2017.11.12"]
[Round "2.1"]
[White "Maksimenko, Andrei"]
[Black "Grimberg, Boris"]
[Result "1/2-1/2"]
[WhiteElo "2470"]
[BlackElo "2333"]
[PlyCount "43"]
[EventDate "2017.10.22"]
[EventType "team-tourn"]
[EventRounds "9"]
[EventCountry "GER"]
[SourceTitle "EXT 2022"]
[Source "ChessBase"]
[SourceDate "2021.10.06"]
[SourceVersion "1"]
[SourceVersionDate "2021.10.06"]
[SourceQuality "1"]
[WhiteTeam "Muenchen Tarrasch"]
[BlackTeam "Haunstetten TSV"]
[WhiteTeamCountry "GER"]
[BlackTeamCountry "GER"]

1. d4 d5 2. c4 dxc4 3. Nf3 Nf6 4. Nc3 c6 5. a4 Bf5 6. Ne5 e6 7. f3 Nbd7 8. e4 Bg6 9. Nxc4 Bb4 10. Be2 0-0 11. 0-0 a5 12. Be3 Re8 13. Rc1 Qc7 14. Na2 Bf8 15. Qd2 Red8 16. Qc3 c5 17. Rfd1 cxd4 18. Bxd4 Nc5 19. Be5 Rxd1+ 20. Rxd1 Qc6 21. b3 b5 22. axb5 1/2-1/2

[Event "Landesliga Sued 1617"]
[Site "Bayern"]
[Date "2016.12.04"]
[Round "3.1"]
[White "Grimberg, Boris"]
[Black "Sedlak, Nikola"]
[Result "0-1"]
[WhiteElo "2313"]
[BlackElo "2500"]
[PlyCount "100"]
[EventDate "2016.10.16"]
[EventType "team-tourn"]
[EventRounds "9"]
[EventCountry "GER"]
[SourceTitle "EXT 2019"]
[Source "ChessBase"]
[SourceDate "2018.10.10"]
[SourceVersion "1"]
[SourceVersionDate "2018.10.10"]
[SourceQuality "1"]
[WhiteTeam "Haunstetten"]
[BlackTeam "Deggendorf"]
[WhiteTeamCountry "GER"]
[BlackTeamCountry "GER"]

1. e4 e6 2. d4 d5 3. Nd2 c5 4. exd5 Qxd5 5. Ngf3 cxd4 6. Bc4 Qd6 7. 0-0 Nf6 8. Nb3 Nc6 9. Nbxd4 Nxd4 10. Nxd4 Be7 11. c3 0-0 12. Re1 Bd7 13. Bb3 a5 14. a4 Qc7 15. Bg5 Nd5 16. Qd2 Bxg5 17. Qxg5 Qf4 18. Qxf4 Nxf4 19. Rad1 Rfd8 20. g3 Ng6 21. f4 Kf8 22. Kf2 Ne7 23. Rd2 Rdc8 24. Nf3 Be8 25. Ne5 b5 26. Nd7+ Bxd7 27. Rxd7 Rab8 28. Re2 bxa4 29. Bxa4 Nd5 30. f5 Nb6 31. fxe6 Nxa4 32. Rxf7+ Kg8 33. Ra7 Nxb2 34. Rd2 Rd8 35. Rxd8+ Rxd8 36. Rxa5 Nd1+ 37. Kf3 Nxc3 38. Kf4 Nd5+ 39. Ke4 Ne7 40. Ra7 Kf8 41. Ra2 Ke8 42. Ra7 Rd4+ 43. Kf3 Rc4 44. Rb7 h5 45. Rb8+ Rc8 46. Rb5 g6 47. Kf4 Kf8 48. Ke5 Rc2 49. Rb8+ Kg7 50. Rb7 Re2+ 0-1

[Event "Regionalliga SW 1516"]
[Site "Bayern"]
[Date "2015.12.13"]
[Round "4.1"]
[White "Mueller, Marcus"]
[Black "Grimberg, Boris"]
[Result "0-1"]
[WhiteElo "2160"]
[BlackElo "2307"]
[PlyCount "64"]
[EventDate "2015.10.11"]
[EventType "team-tourn"]
[EventRounds "9"]
[EventCountry "GER"]
[SourceTitle "EXT 2018"]
[Source "ChessBase"]
[SourceDate "2017.10.13"]
[SourceVersion "1"]
[SourceVersionDate "2017.10.13"]
[SourceQuality "1"]
[WhiteTeam "Garching III"]
[BlackTeam "Haunstetten"]
[WhiteTeamCountry "GER"]
[BlackTeamCountry "GER"]

1. Nf3 d5 2. c4 c6 3. e3 Nf6 4. d4 a6 5. Nc3 b5 6. c5 Nbd7 7. Be2 g6 8. 0-0 a5 9. Bd2 Bg7 10. Qc2 0-0 11. Rfd1 Qc7 12. a3 e5 13. Be1 Re8 14. dxe5 Nxe5 15. Nd4 a4 16. Na2 Nc4 17. Nb4 Bd7 18. Nd3 Ng4 19. Bxg4 Bxg4 20. Rdc1 Bxd4 21. exd4 Bf5 22. Bc3 Qe7 23. Re1 Qg5 24. Qd1 Be4 25. f3 Ne3 26. Rxe3 Qxe3+ 27. Nf2 Bf5 28. Qf1 b4 29. Bxb4 Qxd4 30. g4 Bc2 31. Bc3 Qe3 32. Rc1 Bd3 0-1

[Event "Wunsiedel op 9th"]
[Site "Wunsiedel"]
[Date "2015.05.15"]
[Round "3"]
[White "Poghosyan, Tigran"]
[Black "Grimberg, Boris"]
[Result "0-1"]
[WhiteElo "2136"]
[BlackElo "2345"]
[PlyCount "104"]
[EventDate "2015.05.14"]
[EventType "swiss"]
[EventRounds "7"]
[EventCountry "GER"]
[SourceTitle "CBM 166 Extra"]
[Source "ChessBase"]
[SourceDate "2015.06.18"]
[SourceVersion "1"]
[SourceVersionDate "2015.06.18"]
[SourceQuality "1"]

1. e4 d6 2. d4 Nf6 3. f3 c5 4. Ne2 e6 5. c4 cxd4 6. Nxd4 Nc6 7. Nc2 d5 8. cxd5 exd5 9. Nc3 Be6 10. exd5 Nxd5 11. Nxd5 Bxd5 12. Bd3 Qh4+ 13. g3 Qh3 14. Qe2+ Be7 15. Be4 Bxe4 16. fxe4 0-0 17. Bd2 Rac8 18. Bc3 Bg5 19. Qf1 Qe6 20. Qf5 Qxf5 21. exf5 Rfe8+ 22. Kf2 Ne7 23. Nd4 Nd5 24. Rhe1 Red8 25. h4 Bf6 26. Rac1 Nxc3 27. bxc3 Rxc3 28. Rcd1 g6 29. Nb5 Rxd1 30. Rxd1 Rc2+ 31. Kf3 a6 32. Nd6 b5 33. Ne4 Rc6 34. fxg6 hxg6 35. Nxf6+ Rxf6+ 36. Ke4 Rf2 37. a4 Rb2 38. axb5 axb5 39. Rd6 Kg7 40. Rb6 b4 41. g4 b3 42. Ke3 Rb1 43. Kf2 b2 44. Kg2 f5 45. h5 f4 46. Rxg6+ Kf7 47. Rb6 f3+ 48. Kxf3 Rf1+ 49. Ke4 b1Q+ 50. Rxb1 Rxb1 51. Kf4 Rh1 52. Kf5 Kg7 0-1

[Event "Regionalliga SW 1415"]
[Site "Bayern"]
[Date "2015.04.12"]
[Round "9.1"]
[White "Grimberg, Boris"]
[Black "Rusche, Johannes"]
[Result "1-0"]
[WhiteElo "2307"]
[BlackElo "2231"]
[PlyCount "59"]
[EventDate "2014.10.19"]
[EventType "team-tourn"]
[EventRounds "9"]
[EventCountry "GER"]
[SourceTitle "EXT 2018"]
[Source "ChessBase"]
[SourceDate "2017.10.13"]
[SourceVersion "1"]
[SourceVersionDate "2017.10.13"]
[SourceQuality "1"]
[WhiteTeam "Haunstetten"]
[BlackTeam "Garching II"]
[WhiteTeamCountry "GER"]
[BlackTeamCountry "GER"]

1. e4 e5 2. Nf3 Nc6 3. Nc3 Nf6 4. Bb5 Nd4 5. Ba4 Bc5 6. d3 c6 7. 0-0 0-0 8. Nxd4 Bxd4 9. Qf3 a5 10. Ne2 Bc5 11. a3 d5 12. h3 dxe4 13. dxe4 Be6 14. Bg5 Be7 15. Ng3 Nd7 16. Bxe7 Qxe7 17. Bb3 Nc5 18. Bxe6 Nxe6 19. Rad1 Rad8 20. Nf5 Qg5 21. h4 Qf6 22. g3 a4 23. Qc3 h5 24. Kg2 g6 25. Nd6 b5 26. f4 Nxf4+ 27. gxf4 Qxh4 28. fxe5 Qg5+ 29. Qg3 Qe7 30. Rf6 1-0

[Event "Bad Woerishofen op 31st"]
[Site "Bad Woerishofen"]
[Date "2015.03.01"]
[Round "3"]
[White "Grimberg, Boris"]
[Black "Valet, Richard"]
[Result "1-0"]
[WhiteElo "2373"]
[BlackElo "2015"]
[PlyCount "81"]
[EventDate "2015.02.27"]
[EventType "swiss"]
[EventRounds "9"]
[EventCountry "GER"]
[SourceTitle "CBM 165 Extra"]
[Source "ChessBase"]
[SourceDate "2015.04.21"]
[SourceVersion "1"]
[SourceVersionDate "2015.04.21"]
[SourceQuality "1"]

1. e4 c5 2. Nf3 Nc6 3. d4 cxd4 4. Nxd4 Nf6 5. Nc3 e5 6. Ndb5 d6 7. Bg5 a6 8. Na3 b5 9. Nd5 Be7 10. Bxf6 Bxf6 11. c4 b4 12. Nc2 Rb8 13. Qd3 Bg5 14. g3 0-0 15. Bg2 Be6 16. 0-0 Bh6 17. b3 a5 18. Rad1 a4 19. f4 axb3 20. axb3 Ra8 21. Kh1 exf4 22. gxf4 Qh4 23. Qg3 Qxg3 24. hxg3 Ra2 25. Ncxb4 Nxb4 26. Nxb4 Rb2 27. Rb1 Rxb1 28. Rxb1 g6 29. Nc6 Ra8 30. e5 Ra2 31. exd6 Rd2 32. Ne7+ Kf8 33. Bd5 Bg7 34. b4 Bf6 35. Bxe6 Rxd6 36. Nd5 Rxe6 37. Nxf6 Rxf6 38. b5 Rb6 39. c5 Rb8 40. c6 Ke7 41. c7 1-0

[Event "Regionalliga SW 1415"]
[Site "Bayern"]
[Date "2014.10.19"]
[Round "1.1"]
[White "Andersen, Jens Knud"]
[Black "Grimberg, Boris"]
[Result "0-1"]
[WhiteElo "2113"]
[BlackElo "2307"]
[PlyCount "100"]
[EventDate "2014.10.19"]
[EventType "team-tourn"]
[EventRounds "9"]
[EventCountry "GER"]
[SourceTitle "EXT 2018"]
[Source "ChessBase"]
[SourceDate "2017.10.13"]
[SourceVersion "1"]
[SourceVersionDate "2017.10.13"]
[SourceQuality "1"]
[WhiteTeam "Mering"]
[BlackTeam "Haunstetten"]
[WhiteTeamCountry "GER"]
[BlackTeamCountry "GER"]

1. e4 d6 2. d4 g6 3. Nc3 Bg7 4. Be3 a6 5. Qd2 b5 6. a4 b4 7. Nd1 Nf6 8. f3 0-0 9. Qxb4 c5 10. dxc5 Nc6 11. Qd2 d5 12. Bd3 Qc7 13. Bh6 Bxh6 14. Qxh6 Qa5+ 15. c3 Qxc5 16. Qe3 Qd6 17. Ne2 Ne5 18. Bc2 dxe4 19. fxe4 Rd8 20. 0-0 Neg4 21. Qf4 Qd2 22. Qxd2 Rxd2 23. Nd4 e5 24. h3 exd4 25. hxg4 Nxg4 26. Bb3 Ne5 27. Bd5 Rb8 28. Rf2 dxc3 29. bxc3 Rd3 30. Rc2 Bd7 31. Nf2 Re3 32. c4 Reb3 33. c5 Rb1+ 34. Rxb1 Rxb1+ 35. Kh2 Bxa4 36. c6 Nxc6 37. Rxc6 Bxc6 38. Bxc6 a5 39. Kg3 Rb6 40. Bd5 a4 41. Nd1 Kg7 42. Nc3 a3 43. Kf4 h5 44. g4 h4 45. g5 Rb2 46. Kg4 Rh2 47. Na2 Kf8 48. Nb4 h3 49. Kg3 Rb2 50. Nd3 Rd2 0-1

[Event "Karl Mala Memorial op-A 17th"]
[Site "Frankfurt"]
[Date "2014.08.03"]
[Round "7"]
[White "Moehn, Hans"]
[Black "Grimberg, Boris"]
[Result "1/2-1/2"]
[WhiteElo "2226"]
[BlackElo "2379"]
[PlyCount "66"]
[EventDate "2014.07.31"]
[EventType "swiss"]
[EventRounds "7"]
[EventCountry "GER"]
[SourceTitle "EXT 2015"]
[Source "ChessBase"]
[SourceDate "2014.11.20"]
[SourceVersion "1"]
[SourceVersionDate "2014.11.20"]
[SourceQuality "1"]

1. e4 d6 2. d4 Nf6 3. Nc3 g6 4. Be3 Bg7 5. f3 c6 6. Qd2 b5 7. g4 h5 8. g5 Nfd7 9. f4 Nb6 10. b3 0-0 11. Nf3 b4 12. Ne2 c5 13. Rd1 Qc7 14. Bg2 cxd4 15. Nfxd4 Nc6 16. Nxc6 Qxc6 17. 0-0 Ba6 18. Rf2 Rac8 19. Qxb4 Qxc2 20. Rd2 Qc7 21. Qa5 Bxe2 22. Rdxe2 Qd7 23. Rc2 Qg4 24. Rxc8 Rxc8 25. Qxa7 Bd4 26. Bxd4 Rc1+ 27. Rf1 Rxf1+ 28. Kxf1 Qd1+ 29. Kf2 Qxd4+ 30. Ke2 Qb2+ 31. Kf3 Qc3+ 32. Kf2 Qd2+ 33. Kf3 Qd3+ 1/2-1/2

[Event "Landesliga Sued 1314"]
[Site "Bayern"]
[Date "2014.01.19"]
[Round "5.1"]
[White "Arnaudov, Petar G"]
[Black "Grimberg, Boris"]
[Result "1-0"]
[WhiteElo "2478"]
[BlackElo "2390"]
[PlyCount "89"]
[EventDate "2013.10.13"]
[EventType "team-tourn"]
[EventRounds "9"]
[EventCountry "GER"]
[SourceTitle "EXT 2015"]
[Source "ChessBase"]
[SourceDate "2014.11.20"]
[SourceVersion "1"]
[SourceVersionDate "2014.11.20"]
[SourceQuality "1"]
[WhiteTeam "Goeggingen"]
[BlackTeam "Haunstetten"]
[WhiteTeamCountry "GER"]
[BlackTeamCountry "GER"]

1. d4 Nf6 2. c4 g6 3. Nc3 Bg7 4. e4 d6 5. h3 0-0 6. Nf3 e5 7. d5 Nh5 8. Be3 f5 9. c5 Nf6 10. cxd6 cxd6 11. Be2 Na6 12. 0-0 f4 13. Bd2 Nc5 14. Qc2 Bd7 15. b4 Ncxe4 16. Nxe4 Nxe4 17. Qxe4 Bf5 18. Qc4 Rc8 19. Qb3 e4 20. Nh2 Bxa1 21. Rxa1 Qf6 22. Re1 f3 23. gxf3 Bxh3 24. f4 Qh4 25. Bd1 g5 26. Qg3 Qxg3+ 27. fxg3 Rc4 28. Ng4 h5 29. Nf2 Bf5 30. Bb3 Rc7 31. Nxe4 gxf4 32. gxf4 Rg7+ 33. Kh2 Rg6 34. Ng3 Bd7 35. Bc2 Rg4 36. Re7 Rf7 37. Rxf7 Kxf7 38. Bd1 Rh4+ 39. Kg2 Bh3+ 40. Kf2 Bg4 41. Bxg4 hxg4 42. Kg2 Rh3 43. f5 Rh8 44. Ne4 Ke7 45. f6+ 1-0

[Event "Staufer op 26th"]
[Site "Schwaebisch Gmuend"]
[Date "2014.01.03"]
[Round "3"]
[White "Junger, Ulrich"]
[Black "Grimberg, Boris"]
[Result "0-1"]
[WhiteElo "2045"]
[BlackElo "2382"]
[PlyCount "111"]
[EventDate "2014.01.02"]
[EventType "swiss"]
[EventRounds "9"]
[EventCountry "GER"]
[SourceTitle "CBM 158 Extra"]
[Source "ChessBase"]
[SourceDate "2014.02.28"]
[SourceVersion "1"]
[SourceVersionDate "2014.02.28"]
[SourceQuality "1"]

1. Nf3 Nf6 2. d3 d5 3. g3 c6 4. Bg2 Bf5 5. b3 e6 6. Bb2 h6 7. Nbd2 Be7 8. a4 0-0 9. 0-0 Nbd7 10. Ra2 Bh7 11. Qa1 a5 12. Ne5 Nc5 13. Ba3 Qc7 14. Ndf3 b5 15. axb5 cxb5 16. d4 b4 17. Bxb4 Nxb3 18. cxb3 Bxb4 19. Rc1 Qb6 20. Nc6 Bd6 21. b4 Bxb4 22. Nxb4 Qxb4 23. Ra4 Qb5 24. e3 Rfb8 25. Bf1 Bd3 26. Bxd3 Qxd3 27. Ne5 Qb5 28. Nc6 Rb6 29. Rxa5 Rxa5 30. Qxa5 Qb2 31. Qc3 Qxc3 32. Rxc3 Rb1+ 33. Kg2 Rb2 34. Ne5 Rxf2+ 35. Kg1 Ne4 36. Rc8+ Kh7 37. Nd7 Kg6 38. Ne5+ Kh7 39. Nd7 h5 40. Nf8+ Kh6 41. Nd7 g6 42. Rc7 Rf5 43. Ne5 Kg7 44. Kg2 g5 45. h4 g4 46. Nd3 Rf3 47. Ne5 Rxg3+ 48. Kf1 Rxe3 49. Rxf7+ Kg8 50. Re7 Rh3 51. Re8+ Kg7 52. Re7+ Kf8 53. Rh7 Rxh4 54. Rh6 Rh1+ 55. Kg2 Rd1 56. Rxh5 0-1

[Event "Staufer op 26th"]
[Site "Schwaebisch Gmuend"]
[Date "2014.01.02"]
[Round "1"]
[White "Flach, Erich"]
[Black "Grimberg, Boris"]
[Result "0-1"]
[WhiteElo "2153"]
[BlackElo "2382"]
[PlyCount "90"]
[EventDate "2014.01.02"]
[EventType "swiss"]
[EventRounds "9"]
[EventCountry "GER"]
[SourceTitle "CBM 158 Extra"]
[Source "ChessBase"]
[SourceDate "2014.02.28"]
[SourceVersion "1"]
[SourceVersionDate "2014.02.28"]
[SourceQuality "1"]

1. d4 Nf6 2. c4 c6 3. Nc3 d5 4. e3 g6 5. Nf3 Bg7 6. Bd3 0-0 7. 0-0 Bg4 8. h3 Bxf3 9. Qxf3 e6 10. Rd1 Nbd7 11. cxd5 exd5 12. e4 dxe4 13. Nxe4 Nd5 14. Bc4 N7b6 15. Bb3 Qd7 16. Bg5 f5 17. Nc5 Qf7 18. Bf4 Rfe8 19. Qg3 Kh8 20. Be5 Bxe5 21. dxe5 Rad8 22. Re1 Qe7 23. Rac1 f4 24. Qf3 Rf8 25. a3 Rde8 26. Ba2 Qg7 27. Re4 Rxe5 28. Ne6 Rxe6 29. Rxe6 Qxb2 30. Qd1 Qxa2 31. Qd4+ Kg8 32. Rce1 Qxa3 33. Re8 Rxe8 34. Rxe8+ Kf7 35. Rh8 Qc1+ 36. Kh2 Nf6 37. Qd6 Nbd5 38. Rb8 Qb2 39. Qf8+ Ke6 40. Qc8+ Ke5 41. Rxb7 Qxf2 42. Rb3 Ne3 43. Qxc6 Qg3+ 44. Kg1 Qe1+ 45. Kh2 Nf1+ 0-1

[Event "Augsburg op"]
[Site "Augsburg"]
[Date "2013.12.28"]
[Round "4"]
[White "Grimberg, Boris"]
[Black "Lavrinenkov, Vadim"]
[Result "1/2-1/2"]
[WhiteElo "2382"]
[BlackElo "2120"]
[PlyCount "171"]
[EventDate "2013.12.27"]
[EventType "swiss"]
[EventRounds "7"]
[EventCountry "GER"]
[SourceTitle "CBM 158 Extra"]
[Source "ChessBase"]
[SourceDate "2014.02.28"]
[SourceVersion "1"]
[SourceVersionDate "2014.02.28"]
[SourceQuality "1"]

1. e4 c5 2. Nf3 a6 3. c4 e6 4. Nc3 Qc7 5. d4 cxd4 6. Nxd4 Nf6 7. Bd3 b6 8. 0-0 Bb7 9. Qe2 d6 10. b3 Nbd7 11. Bb2 Be7 12. Kh1 0-0 13. f4 Rfd8 14. Rae1 Bf8 15. Bb1 g6 16. e5 dxe5 17. fxe5 Nh5 18. Qf2 Nb8 19. Ne4 Ra7 20. Ng5 Ba8 21. Qh4 Be7 22. Qg4 Bxg5 23. Qxg5 Qe7 24. Qg4 Nc6 25. Nf3 Rdd7 26. Ng5 Nd8 27. Nxh7 Rd2 28. Re2 Rxe2 29. Qxe2 Qh4 30. Nf6+ Nxf6 31. exf6 Rd7 32. Bc1 Rd4 33. Kg1 Rg4 34. Rf2 Nc6 35. Qf3 Bb7 36. g3 Na5 37. Qe3 Qh5 38. Qh6 Qxh6 39. Bxh6 Rd4 40. Rd2 Rxd2 41. Bxd2 Nc6 42. Be3 Ne5 43. Bxb6 Nf3+ 44. Kf2 Nxh2 45. Bd8 Ng4+ 46. Ke2 Kf8 47. Kd2 Ke8 48. Be7 Kd7 49. Kc3 e5 50. b4 e4 51. a4 e3 52. Bd3 Ne5 53. Be2 Bf3 54. Bxf3 Nxf3 55. Kd3 Ne5+ 56. Kxe3 Nxc4+ 57. Kd4 Nb6 58. a5 Na4 59. Kd5 Nc3+ 60. Kc5 Na4+ 61. Kd5 Nc3+ 62. Kc4 Nb5 63. Kc5 Kc7 64. g4 Nc3 65. Bd6+ Kb7 66. Be5 Ne4+ 67. Kd5 Nf2 68. g5 Nh3 69. Kd6 Nxg5 70. Ke7 Kc6 71. Bf4 Ne4 72. Kxf7 Kb5 73. Kxg6 Nxf6 74. Kxf6 Kxb4 75. Bd2+ Kc5 76. Ke6 Kc6 77. Be3 Kb5 78. Bb6 Kc6 79. Ke7 Kb7 80. Kd7 Ka8 81. Kc6 Kb8 82. Bc5 Ka8 83. Kb6 Kb8 84. Kxa6 Ka8 85. Kb6 Kb8 86. a6 1/2-1/2